| 000 | 00410nam a22001337a 4500 | ||
|---|---|---|---|
| 020 | _a0-07-063754-7 | ||
| 082 | _a621.38173 POW'N | ||
| 100 |
_aNORRIS, BRYAN _975403 |
||
| 245 | _aPOWER TRANSISTOR AND TTL INTEGRATED CIRCUIT APPLICATIONS | ||
| 260 |
_aNEWYORK _bMCGRAW HILL _c1977 |
||
| 300 | _a248P | ||
| 650 |
_aLOGIC CIRCUITS SEMICONDUCTOR SWITCHES INTEGRATED CIRCUITS POWER TRANSISTOR _975404 |
||
| 942 | _cBK | ||
| 999 |
_c580825 _d580825 |
||